000 00709nam a22002417u 4500
001 6448
003 OSt
005 20170818153059.0
007 tu
008 161220s1993 xxu||||| |||| 00| 0 d
024 7 _a6448
_2RID
024 7 _a6448
_2RSN (alt)
040 _cOSt
100 1 _aGaly, Michel
245 0 0 _aSpain: Converging with the European Community
260 _aWashington, D.C. :
_bInternational Monetary Fund,
_c1993.
490 _aIMF Occasional Paper
_v101
_x0251-6365
700 1 _aPastor, Gonzalo
700 1 _aPujol, Thierry
710 2 _aInternational Monetary Fund (IMF)
942 _cP
999 _c6016
_d6016